Metre in sanskrit : (Record no. 42082)

MARC details
000 -LEADER
fixed length control field 00822nam a22002297a 4500
005 - DATE AND TIME OF LATEST TRANSACTION
control field 20100816112716.0
010 ## - LCCN (DPL NO)
LC control number ENG-100487
020 ## - INTERNATIONAL STANDARD BOOK NUMBER
International Standard Book Number 9788177481228
Terms of availability 125.00
020 ## - INTERNATIONAL STANDARD BOOK NUMBER
International Standard Book Number 8177481223
Terms of availability 125.00
035 ## - SYSTEM CONTROL NUMBER
System control number EN-84020
037 ## - SOURCE OF ACQUISITION
Source of stock number/acquisition DBAD/PUB
082 ## - DEWEY DECIMAL CLASSIFICATION NUMBER
Classification number 810
100 ## - MAIN ENTRY--PERSONAL NAME
Personal name Geethakumary, K.K.
245 ## - TITLE STATEMENT
Title Metre in sanskrit :
Remainder of title by a study with special reference to Vrttavartika of Ramapanivada /
Statement of responsibility, etc by K.K.Geethakumary
260 ## - PUBLICATION, DISTRIBUTION, ETC. (IMPRINT)
Place of publication, distribution, etc Calicut
Name of publisher, distributor, etc University of Calicut
Date of publication, distribution, etc 2008
270 ## - ADDRESS
City Calicut
300 ## - PHYSICAL DESCRIPTION
Extent 168p.
Dimensions 20cm (pbk)
490 ## - SERIES STATEMENT
Series statement Calicut university sanskrit series 30
-- 13809
500 ## - GENERAL NOTE
General note Includes bibliographical references and index
942 ## - ADDED ENTRY ELEMENTS (KOHA)
Source of classification or shelving scheme Dewey Decimal Classification
Item type English Books
Classification part 810
Call number suffix GEE
Holdings
Withdrawn status Lost status Not for loan Collection code Home library Current library Date acquired Source of acquisition Cost, normal purchase price Full call number Barcode Copy number Cost, replacement price Koha item type
    Not For Loan Non-fiction D.B.Act.Division D.B.Act.Division 16/08/2010 DBAD/PUB 125.00 810 GEE EN-84020 1 125.00 English Books

© Delhi Public Library
Hit Counter
free hit counter